000 00633cam a22002291 4500
001 sa 66001254
003 DLC
005 20260227112220.0
008 900207s1964 ii 000 0 sano
010 _asa 66001254
035 _a(OCoLC)21016304
040 _aDLC
_cWaU
_dDLC
042 _apremarc
050 0 0 _aPK701
_b.J5
100 1 _aJhā, Rāmacandra.
245 1 0 _aPrathamā-śabda-dhāturūpasaṅgrahaḥ.
260 _aVaranasi,
_bChowkhamba Vidyabhawan,
_c1964.
300 _a38 p.
_c19 cm.
440 0 _aVidyabhawan Sanskrit granthamala,
_v115
500 _aIn Sanskrit.
650 0 _aSanskrit language
_xInflection.
999 _c67667
_d67667